| 000 | 003060000a22000970004500 | ||
|---|---|---|---|
| 100 | 1 | _aBibb, Bryan D. | |
| 245 | 1 | 0 | _aNabad and Abihu attempt to fill a gap : Law and narrative in Leviticus 10.1-7 |
| 300 | _aNúm 96 (2001), Páginas 83-99 | ||
| 773 | 0 | _tJournal for the Study of the Old Testament | |
| 942 | _cANA | ||
| 999 |
_c55025 _d55025 |
||